Metodické problémy tvorby automatizovaného systému na makroúrovni v oblasti financií kandidátska dizertačná práca

Na minha lista:
Detalhes bibliográficos
Autor principal: Mázik, Ján
Autor Corporativo: Vysoká škola ekonomická v Bratislave. Fakulta riadenia
Outros Autores: Šlauka, Milan, Kaliský, Juraj
Formato: Livro
Idioma:eslovaco
Publicado em: Bratislava 1981
Tags: Adicionar Tag
Sem tags, seja o primeiro a adicionar uma tag!

MARC

LEADER 00000nam a2200000 4500
001 c138824
005 20230116080517.4
041 0 |a slo 
044 |a SK 
245 1 0 |a Metodické problémy tvorby automatizovaného systému na makroúrovni v oblasti financií  |b kandidátska dizertačná práca  |c Ján Mázik ; Ved. Milan Šlauka, Juraj Kaliský 
264 1 |a Bratislava  |c 1981 
300 |a 153 s. 
100 1 |a Mázik, Ján 
700 1 |a Šlauka, Milan 
700 1 |a Kaliský, Juraj 
710 2 |a Vysoká škola ekonomická v Bratislave. Fakulta riadenia